|
|
|
|
| LEADER |
01516nam a22003615i 4500 |
| 001 |
330032 |
| 003 |
BD-DhAAL |
| 005 |
20180527123806.0 |
| 008 |
180416t2017 njua b 001 0 eng |
| 999 |
|
|
|c 39104
|d 39104
|
| 010 |
|
|
|a 2017950565
|
| 020 |
|
|
|a 9780691177793 (hardback)
|
| 040 |
|
|
|a DLC
|b eng
|e rda
|c DLC
|d BD-DhAAL
|
| 042 |
|
|
|a pcc
|
| 082 |
|
|
|a 530.14
|
| 100 |
1 |
|
|a Misner, Charles W.
|9 25565
|
| 245 |
1 |
0 |
|a Gravitation /
|c Charles W. Misner, Kip S. Thorne, John Archibald Wheeler
|
| 260 |
|
|
|a Princeton, NJ :
|b Princeton University Press,
|c c2017
|
| 263 |
|
|
|a 1709
|
| 300 |
|
|
|a xivi, 1279 pages :
|b illustrations ;
|c 26 cm.
|
| 500 |
|
|
|a First Princeton University Press edition
|
| 504 |
|
|
|6 Includes bibliographical references and index.
|
| 526 |
|
|
|a MNS
|
| 541 |
|
|
|a Karim International
|e 33032, 33033
|
| 650 |
|
|
|a Gravitationstheorie
|9 25566
|
| 650 |
|
|
|a General relativity (Physics)
|9 25567
|
| 650 |
|
|
|a Gravitation
|9 25568
|
| 700 |
|
|
|a Thorne, Kip S.
|9 25569
|
| 700 |
|
|
|a Wheeler, John Archibald
|9 25570
|
| 852 |
|
|
|a Ayesha Abed Library
|c General Stacks
|
| 942 |
|
|
|2 ddc
|c BK
|
| 952 |
|
|
|0 0
|1 0
|2 ddc
|4 0
|6 530_140000000000000_MIS
|7 0
|9 63194
|a BRACUL
|b BRACUL
|c GEN
|d 2018-04-15
|e Karim International
|g 7030.00
|l 7
|m 72
|o 530.14 MIS
|p 3010033032
|r 2026-05-13
|s 2025-05-19
|t 1
|v 7030.00
|w 2018-04-15
|y BK
|
| 952 |
|
|
|0 0
|1 0
|2 ddc
|4 0
|6 530_140000000000000_MIS
|7 0
|9 63195
|a BRACUL
|b BRACUL
|c GEN
|d 2018-04-15
|e Karim International
|g 7030.00
|l 4
|m 53
|o 530.14 MIS
|p 3010033033
|r 2025-11-20
|s 2025-05-25
|t 2
|v 7030.00
|w 2018-04-15
|y BK
|